| 000 | 01275cam a22002174a 4500 | ||
|---|---|---|---|
| 005 | 20250605164240.0 | ||
| 008 | 250528s ||||||||||||||||||||||||d | ||
| 035 | _a21300 | ||
| 020 | _a9780470461709 | ||
| 040 |
_aGR-AtMCL _bgre _dGR-AtMCL _eAACR2 |
||
| 245 | 1 | _aBusiness Intelligence / Practices, Technologies, and Management | |
| 250 | _a1st | ||
| 260 |
_bWiley, _c2011 |
||
| 300 | _a296 | ||
| 520 | _aA comprehensive introduction to the various aspects of business intelligence (BI), including business impacts, technologies, and management and development of BI. Preface, Acknowledgements, Introduction to Business Intelligence, Business Intelligence and Its Impacts, Business Intelligence Capabilities, Technologies Enabling Business Intelligence, Technologies Enabling Organizational Memory, Technologies Enabling Information Integration, Technologies Enabling Insights and Decisions, Technologies Enabling Presentation, Management and Future of Business Intelligence, Business Intelligence Tools and Vendors, Development of Business Intelligence, Management of Business Intelligence, The Future of Business Intelligence. | ||
| 700 | 1 |
_aBecerra-Fernandez Irma _97349 |
|
| 700 | 1 |
_aSabherwal Rajiv _97350 |
|
| 942 | _cBK | ||
| 999 |
_c6365 _d6365 |
||